Guess the U.S State - Statistics

General Stats
  • This quiz has been taken 52 times
  • The average score is 17 of 20
Answer Stats
Hint U.S State % Correct
Most Populous U.S state California
98%
Largest U.S state to border Mexico Texas
96%
Largest U.S state by area Alaska
94%
State home to the most populous city in the USA New York
94%
Smallest U.S state by area Rhode Island
94%
U.S state closest to Cuba Florida
91%
U.S state where the Grand Canyon is located in Arizona
89%
Only state to have a Great Lake named after it Michigan
89%
Least Populous U.S state Wyoming
89%
Southernmost U.S state Hawaii
87%
Second Largest U.S state to border Canada Montana
87%
U.S state which has a capital called "Salem" Oregon
87%
U.S state which has a city famous for its gambling centres Nevada
85%
U.S state which has a capital called "Raleigh" North Carolina
85%
State where the former U.S capital was Pennsylvania
85%
U.S state which has a capital called "Boise" Idaho
83%
U.S state closest to Africa Maine
83%
Smallest U.S state to border Canada New Hampshire
83%
U.S state which has a capital called "Pierre" South Dakota
81%
U.S state which is nicknamed "The Centennial State" Colorado
51%
No matching quizzes found
Score Distribution
Percent of People with Each Score
Percentile by Number Answered
Your Score History
You have not taken this quiz